Con người chính trị Việt Nam truyền thống và hiện đại Sách chuyên khảo

সংরক্ষণ করুন:
গ্রন্থ-পঞ্জীর বিবরন
প্রধান লেখক: Nguyễn, Văn Huyên (Chủ biên)
বিন্যাস: গ্রন্থ
প্রকাশিত: Hà Nội Chính trị quốc gia 2009
বিষয়গুলি:
ট্যাগগুলো: ট্যাগ যুক্ত করুন
কোনো ট্যাগ নেই, প্রথমজন হিসাবে ট্যাগ করুন!
Thư viện lưu trữ: Trung tâm Học liệu Lê Vũ Hùng, Trường Đại học Đồng Tháp
LEADER 01163aam a22002658a 4500
001 00030409
005 20171026081025.0
008 130130s2009 |||||| sd
020 |c 48000 
082 1 4 |a 320.095 97  |b C429NG 
100 1 # |a Nguyễn, Văn Huyên  |e Chủ biên 
245 1 0 |a Con người chính trị Việt Nam truyền thống và hiện đại  |c Nguyễn Văn Huyên (ch.b)  |b Sách chuyên khảo 
260 # # |a Hà Nội  |b Chính trị quốc gia  |c 2009 
300 # # |a 366 tr.  |c 21 cm. 
500 # # |a ĐTTS ghi: ĐTTS ghi: Học viện Chính trị - Hành chính Quốc gia Hồ Chí Minh. Viện Chính trị học 
504 # # |a Thư mục: tr. 361-364 
653 # # |a Chính trị gia 
653 # # |a Chính trị học 
653 # # |a Việt Nam 
653 # # |a Đặc điểm 
852 # # |b Kho mượn  |j KM.0014736, KM.0014737, KM.0014738, KM.0015192 
852 # # |b Kho đọc  |j KD.0014414 
852 # # |j KM.0014736  |j KM.0014738  |j KD.0014414  |j KM.0015192  |j KM.0014737  |j KM.0024197  |j KM.0024196 
910 |d 30/01/2013 
980 # # |a Trung tâm Học liệu Lê Vũ Hùng, Trường Đại học Đồng Tháp